000 00324nam a22001217a 4500
020 _a9781138084452
082 _a342.0852
_bROU
245 _aRoutledge handbook of law and religion /
_cEdited by Ferrari, Silvio
260 _aLondon :
_bRoutledge,
_c2015.
300 _a426 p. ;
_c24 cm.
563 _aPBK.
942 _2ddc
_cBK
999 _c592435
_d592435